000
00356nam a2200133Ia 4500
008
230411s9999 xx 000 0 und d
041
_a
eng
082
_a
OG/618.104/DAW/B05142
100
_a
Dawn C
245
_a
Textbook of Gynaecology Contraception and Demography
260
_b
Dawn Books
_a
Kolkata
_c
2003
300
_a
256p
999
_c
155669
_d
155669